000 01145nam a22003257a 4500
003 CHAP
005 20220329140220.0
008 971013s1967 mx r 00010 spa d
010 _a48676
011 _a49648
035 _a53798
040 _cCHAP
082 _a028.7
_bV4
100 0 0 _aVelásquez Gallardo, Pablo.
_9118484
245 1 0 _aObras de consulta agrícolas en español
_c/por Pablo Velasquez G. y Ramon Nadurille T.
260 _aMéxico, D.F. :
_bInstituto Nacional de Investigacoines Agrícolas,
_c1967
300 _a263 p.
590 _aBATCH-UPD
_b10
_c20130109
_lUCH01
_h2328
590 _aBATCH-UPD
_b10
_c20130110
_lUCH01
_h2148
590 _aBATCH-UPD
_b10
_c20130409
_lUCH01
_h1852
590 _aBATCH-UPD
_b10
_c20130410
_lUCH01
_h1457
590 _aBATCH-UPD
_b10
_c20130914
_lUCH01
_h1849
590 _aCONVERSION
_b10
_c20130109
_lUCH01
_h1327
650 1 4 _aObras de consulta
_xBibliografía.
_982532
700 0 _aNadurille Téllez, Ramón.
_980036
901 _aBK
942 _cLIBRO
949 _a028.7 V4
_bBC
_cC
_d33724000480190
_eC
_h4267
_i53798
_mD
_sb
949 _a028.7 V4
_bBC
_cC
_d33724002123710
_eC
_fc.2
_h111138
_i53798
_sb
999 _c48676
_d48676